| 000 | 01050nam a2200229Ia 4500 | ||
|---|---|---|---|
| 999 |
_c40059 _d40059 |
||
| 001 | 6665 | ||
| 003 | GE_BSU | ||
| 005 | 20191127111954.0 | ||
| 008 | 181216s199 ||||ge |||||||||||||| ||geo|| | ||
| 040 | _cGE_BSU | ||
| 041 | _ageo | ||
| 080 | _a821.353.1-31 გ-19 | ||
| 100 |
_aგამსახურდია, კონსტანტინე _91395 |
||
| 245 |
_aმთვარის მოტაცება : _bრომანი / _cკონსტანტინე გამსახურდია ; რედ. : ზვიად გამსახურდია, ოთარ დემეტრაშვილი. |
||
| 264 |
_aთბილისი : _bმერანი, _c1990. |
||
| 300 | _a798გვ;21სმ. | ||
| 653 | _aმთვარის მოტაცება | ||
| 653 | _aრომანი | ||
| 700 |
_aგამსახურდია, ზვიად _eრედაქტორი _95585 |
||
| 700 |
_aდემეტრაშვილი, ოთარ _eრედაქტორი _93907 |
||
| 942 |
_cBK _2udc |
||